000 00811nam a2200241Ia 4500
003 OSt
005 20220926022259.0
006 a|||||r|||| 00| 0
007 ta
008 220923b |||||||| |||| 00| 0 eng d
037 _cGeneral Book
040 _aRTL
_cRTL
_beng
041 _2eng
_aeng
082 _aU6715:(Z).49M.P, P2
110 _aUnited Nations, Government Of .... Economic And Social Commission For Western Asia
245 0 _aAssessment of legal aspects of the management of s
260 _aNew York
_bUnited Nations India
_c1992
300 _a142p. Bib p. 139-42
_ccm.
650 _aGeography
700 _aUnited Nations, Government Of .... Economic And Social Commission For Western Asia
942 _hU6715:(Z).49M.P, P2
_cGB
_2CC
999 _c639084
_d639084